00505 2200181 4500245009200000020002200092250001100114100002300125700001000148700002000158650001700178005001900195260004100214041001400255084001300269300003200282336000900314 aNaruto The Movie b : Guardians Of The Crescent Moon KingdomcKishimoto, MasashihText a978-602-02-7844-5 aCet. 1 aKishimoto, Masashi aMilka aAnggi Virgianti aKomik Jepang a20230131133518 aJakartabElex Media Komputindoc2015 aIndonesia a741.5592 a... jil. :bilus. ;c17 cm. atext